000
00319nam a2200145Ia 4500
008
191201s2008 xx 000 0 und d
082
_a
621.392
_b
BHV
100
_a
BHASKER, J
245
0
_a
VHDL Primer
250
_a
3rd
260
_a
New Delhi
_b
PHI
_c
2008
300
_a
375
650
_a
B.Tech(ECE)
942
_2
ddc
_c
BK
999
_c
3812
_d
3812